Famous People in Seattle - Statistics

General Stats
  • This quiz has been taken 62 times
  • The average score is 10 of 22
Answer Stats
Clue Seattleite % Correct
Former world's richest person Bill Gates
96%
Lead singer of Nirvana Kurt Cobain
85%
Former world's richest person Jeff Bezos
83%
"The Science Guy" Bill Nye
79%
Martial artist who lived in Hong Kong but is buried in Seattle Bruce Lee
79%
There's a statue of this psychadelic guitarist in Cap Hill Jimi Hendrix
75%
Super Bowl winning Seahawks QB Russell Wilson
72%
Seattle's most famous white rapper Macklemore
55%
Lead singer of Pearl Jam Eddie Vedder
53%
Microsoft co-founder and SLU property baron Paul Allen
42%
There's a museum for his glassworks Dale Chihuly
34%
Short-track speed skating champion Apolo Ohno
32%
Wrongfully accused of murder in Italy Amanda Knox
28%
U.S. women's soccer team goalkeeper Hope Solo
26%
"Crash into" this jam band leader Dave Matthews
23%
His posse's on broadway Sir Mix-a-Lot
23%
5'8" Rainier Beach graduate who won 3 NBA dunk contests Nate Robinson
21%
Sex columnist for "The Stranger" Dan Savage
15%
Known for travel guides on PBS Rick Steves
15%
Celebrity chef whose dad owns Salumi Mario Batali
9%
Slater Kinney guitarist and star of "Portlandia" Carrie Brownstein
4%
Famous meteorology professor at UW Cliff Mass
2%
No matching quizzes found
Score Distribution
Percent of People with Each Score
Percentile by Number Answered
Your Score History
You have not taken this quiz